Statistics for July 25th: Birthdays

Click here to take the quiz!

General Stats

  • This quiz has been taken 3 times
  • The average score is 4 of 11

Answer Stats

YearClueAnswer% Correct
1894Assassin of Archduke Franz FerdinandGavrilo Princip
100%
1923Actress in The Golden GirlsEstelle Getty
67%
1967Actor in FriendsMatt LeBlanc
67%
1920Discoverer of the structure of DNARosalind Franklin
67%
1954NFL Running BackWalter Payton
67%
1848British Prime MinisterArthur Balfour
0%
1884Identified "Peking Man"Davidson Black
0%
1941Murder VictimEmmett Till
0%
19417-time NBA All StarNate Thurmond
0%
1844Painted The Gross ClinicThomas Eakins
0%
1914Actor in VigilanteWoody Strode
0%

Score Distribution

Percentile by Number Answered

Percent of People with Each Score

Your Score History

You have not taken this quiz